Loading...

Nematology

Bibliographic Details
Main Author: Jenkins, W R
Other Authors: Sansser, J N
Format: Printed Book
Language:Undetermined
English
Published: New Delhi Eurasia Publishing 1975
Subjects:
LEADER 00502nam a2200157Ia 4500
008 140306s9999 xx 000 0 und d
041 |a eng 
082 |a 595.182  |b SAS/NE 
100 |a Jenkins, W R 
700 |a Sansser, J N 
245 |a Nematology 
260 |a New Delhi  |b Eurasia Publishing  |c 1975 
650 |a Nematodes 
942 |2 ddc  |c BK 
999 |c 119511  |d 119511 
952 |0 0  |1 0  |2 ddc  |4 0  |6 595_182000000000000_SASNE  |7 0  |9 118642  |a KAUHCV  |b KAUHCV  |d 2004-05-05  |o 595.182 SAS/NE  |p KAU_HCV-9997  |r 2014-03-22  |w 2014-03-22  |y BK